Trendy v online marketingu na rok 2016
Prieskum realizovaný medzi marketingovými agentúrami. Vymedzenie trendov v online marketingu na rok 2016, ktoré budú prevládať v online stratégiách firiem na Slovensku. Absolútny trend roka 2016 marketing na sociálnych sieťach.
Uložené v:
| Hlavný autor: | |
|---|---|
| Ďalší autori: | |
| Médium: | Kapitola |
| Jazyk: | Slovak |
| Predmet: | |
| Tagy: |
Žiadne tagy, Buďte prvý, kto otaguje tento záznam!
|
MARC
| LEADER | 00000nla a2200000 4500 | ||
|---|---|---|---|
| 001 | 0223476 | ||
| 005 | 20240502073645.0 | ||
| 041 | 0 | |a slo | |
| 044 | |a SK | ||
| 245 | 1 | 0 | |a Trendy v online marketingu na rok 2016 |c Paulína Krnáčová, Silvia Benkőová |
| 520 | |a Prieskum realizovaný medzi marketingovými agentúrami. Vymedzenie trendov v online marketingu na rok 2016, ktoré budú prevládať v online stratégiách firiem na Slovensku. Absolútny trend roka 2016 marketing na sociálnych sieťach. | ||
| 610 | 2 | 0 | |a marketing elektronický |
| 610 | 2 | 0 | |a internet |
| 610 | 2 | 0 | |a marketing mix |
| 610 | 2 | 0 | |a nástroje marketingové |
| 610 | 2 | 0 | |a stratégia marketingová |
| 610 | 2 | 0 | |a siete sociálne |
| 610 | 2 | 0 | |a skupiny cieľové |
| 100 | 1 | |a Krnáčová, Paulína, 1983- | |
| 700 | 1 | |a Benkőová, Silvia | |